000 01374cam a22002054a 4500
005 20250605164221.0
008 250528s ||||||||||||||||||||||||d
035 _a20672
020 _a9607343522
040 _aGR-AtMCL
_bgre
_dGR-AtMCL
_eAACR2
245 1 _aΘερμοδυναμική - Εντρόπια - Ταλαντώσεις / Θεωρία - Προβλήματα
260 _bΣαββάλας,
_c1994
300 _a256
520 _aΘερμοδυναμική, Μεταβολές Ιδανικών Αερίων, Αντιστρεπτές Μεταβολές, Έργο και Θερμότητα, Θερμοδυναμικός Νόμος, Κινητική Θεωρία, Εντροπία, Προβλήματα για Επανάληψη, Ταλαντώσεις, Γραμμική Αρμονική Ταλάντωση, Δύναμη και Ενέργεια, Οριζόντιο Ελατήριο, Κατακόρυφο Ελατήριο, Κρούση και γ.α.τ., Σώματα που κάνουν γ.α.τ., Απλό Εκκρεμές, Κύκλωμα LC, Φθίνουσα και Εξαναγκασμένη Ταλάντωση, Σύνθεση Ταλαντώσεων, Προβλήματα για Επανάληψη.
700 1 _aΣαββάλας Άγγελος
_96624
700 1 _aΣαββάλας Σπύρος
_96625
942 _cBK
999 _c5758
_d5758